Clic Qui gouverne en Europe le 1er janvier 1920 ? - Statistiques

Statistiques générales
  • Ce quiz a été pris 8 fois
  • Le résultat moyen est 11 sur 36
Statistiques - réponses
Hint Réponse % Correct
République française Raymond Poincaré
100%
Royaume-Uni George V
75%
URSS Vladimir Lénine
75%
Royaume de Belgique Albert 1er de Saxe-Cobourg
50%
Principauté de Monaco Albert 1er Grimaldi
50%
République du Portugal António José de Almeida
50%
République de Pologne Józef Piłsudski
50%
Empire Ottoman Mehmed VI
50%
Royaume de Hongrie Miklós Horthy
50%
République d'Ukraine Symon Petlioura
50%
République de Tchécoslovaquie Tomáš Masaryk
50%
Royaume d'Italie Victor-Emmanuel III
50%
Royaume d'Espagne Alphonse XIII
25%
Royaume de Bulgarie Boris III
25%
République de Finlande Carl Gustav Emil Mannerheim
25%
Royaume de Danemark Christian X
25%
Royaume de Roumanie Ferdinand 1er de Hohenzollern
25%
Royaume de Suède Gustave V
25%
Royaume de Norvège Haakon VII
25%
République d'Arménie Hovhannes Katchaznouni
25%
Principauté d'Andorre (2e coprince) Jaume Viladrich i Gaspar
25%
République de Lettonie Kārlis Ulmanis
25%
République d'Autriche Karl Seitz
25%
République d'Estonie Konstantin Päts
25%
République de Saint-Marin Moro Morri & Francesco Pasquali
25%
Royaume du Monténégro Nicolas 1er
25%
Royaume de Serbie Pierre 1er
25%
Royaume des Pays-Bas Wilhelmine
25%
République de Lituanie Antanas Smetona
0%
Grand-duché de Luxembourg Charlotte
0%
Royaume de Grèce Constantin 1er
0%
République d'Allemagne Friedrich Ebert,
0%
Confédération suisse Giuseppe Motta
0%
République d'Albanie Gouvernement provisoire
0%
Principauté du Liechtenstein Jean II
0%
République de Géorgie Noe Jordania
0%
Aucun quiz correspondant
Distribution des résultats
% des personnes avec chaque résultat
Percentile par nombre de réponses
Votre historique - résultats
Vous n’avez pas pris ce quiz